| Поле | Инд. | ПП | Название | Значение |
|---|---|---|---|---|
| Тип записи | a | |||
| Библиографический уровень | m | |||
| 001 | _ | Контрольный номер | RU\infra-m\znanium\bibl\1043100 | |
| 005 | _ | Дата корректировки | 20250915104108.2 | |
| 008 | Кодируемые данные | 200828s2020 RU g rus u | ||
| 020 | a | ISBN | 978-5-16-015600-2 | |
| 020 | a | ISBN | 978-5-16-108020-7 | |
| 040 | a | Служба первич. каталог. | Общество с ограниченной ответственностью «ЗНАНИУМ» | |
| 041 | a | Код языка текста | rus | |
| 044 | a | Код страны публикации | RU | |
| 080 | a | Индекс УДК | 621(075.32) | |
| 084 | 2 | Источник индекса | rubbk | |
| a | Индекс другой классификации/Индекс ББК | 34.4я723 | ||
| 084 | 2 | Источник индекса | okso | |
| a | Индекс другой классификации/Индекс ББК | 15.02.08 | ||
| 100 | 1_ | a | Автор | Скворцов Владимир Федорович |
| q | Полное имя | Владимир Федорович | ||
| 245 | a | Заглавие | Основы технологии машиностроения | |
| b | Продолж. заглавия | Учебное пособие | ||
| 250 | a | Основные сведения об издании | 2 | |
| 260 | a | Место издания | Москва | |
| b | Издательство | ООО "Научно-издательский центр ИНФРА-М" | ||
| c | Дата издания | 2021 | ||
| 300 | a | Объем | 330 с. | |
| 520 | a | Аннотация | В учебном пособии изложены теоретические основы технологии машиностроения, рассмотрено проектирование технологических процессов изготовления деталей и сборки машин. В конце каждой главы приводятся контрольные вопросы для закрепления пройденного материала. | |
| 521 | a | Примеч. о целев. назн. | Среднее профессиональное образование | |
| 650 | a | Основная рубрика | Промышленность. Энергетика | |
| x | Основная подрубрика | Технология машиностроения | ||
| 852 | x | Примечание, не предназначенное для пользователя | znanium2022 | |
| 856 | 4_ | a | Имя сервера/домена | znanium.com |
| m | Помощь | ebs_support@infra-m.ru | ||
| n | Местонахождение сервера | НИЦ ИНФРА-М | ||
| u | URL | http://znanium.com/catalog/document?id=359844 | ||
| z | Примечание для пользователя | Участвует в КО | ||
| 856 | 41 | a | Имя сервера/домена | znanium.com |
| d | Путь | /cover/1043 | ||
| f | Электронное имя | 1043100.jpg | ||
| q | Тип электронного формата | image/jpeg | ||
| u | URL | https://znanium.com/cover/1043/1043100.jpg |